Soccer Logos - MLS - Statistics

General Stats
  • This quiz has been taken 378 times
    196 since last reset
  • The average score is 22 of 30
Answer Stats
Picture Answer % Correct
Atlanta United
96%
Inter Miami CF
94%
LA Galaxy
93%
Los Angeles Football Club
91%
Chicago Fire FC
84%
Orlando City
82%
Toronto FC
82%
FC Dallas
81%
New York City FC
81%
Nashville SC
79%
Charlotte FC
78%
D.C. United
77%
New York Red Bulls
77%
Columbus Crew
76%
FC Cincinnati
75%
Portland Timbers
75%
Austin FC
74%
CF Montréal
73%
Colorado Rapids
71%
Seattle Sounders FC
71%
Houston Dynamo FC
70%
Real Salt Lake
69%
Philadelphia Union
68%
Vancouver Whitecaps FC
68%
New England Revolution
65%
Minnesota United
63%
Sporting Kansas City
57%
San Diego FC
51%
San Jose Earthquakes
50%
St. Louis City SC
43%
No matching quizzes found
Score Distribution
Percent of People with Each Score
Percentile by Number Answered
Your Score History
You have not taken this quiz since the last reset